[Event "12. Lovsprings EMT Basis 2 2001"]
[Site "Ringsted"]
[Date "2001.03.30"]
[Round "5"]
[White "Wagner, Tim"]
[Black "Eckert, Svend"]
[Result "0-1"]
[WhiteElo "1517"]
[BlackElo "1642"]
[PlyCount "108"]
[EventDate "2001.??.??"]

1. e4 c5 2. Bc4 e6 3. Nc3 Nc6 4. a3 Nf6 5. d3 d5 6. exd5 exd5 7. Ba2 Be6 8.
Nge2 Bd6 9. Bf4 O-O 10. Qd2 a6 11. Bxd6 Qxd6 12. Qf4 Ne5 13. d4 cxd4 14. Qxd4
Rfe8 15. h3 Nc6 16. Qh4 d4 17. O-O-O Bxa2 18. Nxd4 Nxd4 19. Rxd4 Qe6 20. Rhd1
Rac8 21. Rd6 Qc4 22. R6d4 Qc7 23. f3 Be6 24. g4 Rcd8 25. Ne4 Qf4+ 26. Kb1 Rxd4
27. Rxd4 Qxf3 28. Nxf6+ Qxf6 29. Qxf6 gxf6 30. c4 Kg7 31. b4 Kg6 32. b5 axb5
33. cxb5 h5 34. gxh5+ Kxh5 35. Rf4 Kg5 36. Rf3 f5 37. a4 Ra8 38. Ra3 Bd7 39.
Rd3 Be6 40. Rd4 f4 41. Kc1 Bxh3 42. b6 Be6 43. Kd2 Ra6 44. Rb4 Bd7 45. Rc4 Rxb6
46. a5 Rd6+ 47. Ke1 Bc6 48. Rb4 Kg4 49. a6 bxa6 50. Rb6 Re6+ 51. Kf2 Bb5 52.
Rb7 Re2+ 53. Kg1 f6 54. Rg7+ Kf5 0-1

[Event "12. Lovsprings EMT Basis 2 2001"]
[Site "Ringsted"]
[Date "2001.03.30"]
[Round "5"]
[White "Jorgensen, Michael2"]
[Black "Pedersen, Kaj Vinding"]
[Result "1-0"]
[WhiteElo "1321"]
[BlackElo "1513"]
[PlyCount "97"]
[EventDate "2001.??.??"]

1. d4 Nf6 2. c4 e5 3. dxe5 Ng4 4. Nf3 Nc6 5. Bf4 Bb4+ 6. Nbd2 Qe7 7. e3 Ngxe5
8. Be2 d6 9. O-O Bxd2 10. Qxd2 Nxf3+ 11. Bxf3 Ne5 12. Be2 O-O 13. Rac1 Rd8 14.
Qc3 b6 15. Rfd1 Bf5 16. b4 Nd7 17. Rd5 Be4 18. Rg5 f6 19. Rg3 a5 20. Bh6 Bg6
21. h4 gxh6 22. h5 Nf8 23. a3 axb4 24. axb4 Qe5 25. Qb3 Kh8 26. hxg6 hxg6 27.
f4 Qe7 28. Kf2 Re8 29. Rh1 Qg7 30. Rgh3 c5 31. Rxh6+ Kg8 32. Bf3 Qa7 33. Bd5+
Kg7 34. Bxa8 Rxa8 35. b5 Qa2+ 36. Qxa2 Rxa2+ 37. Kf3 Rc2 38. R6h2 Rxc4 39. g4
Rb4 40. Rd2 Rxb5 41. Rxd6 Rb4 42. Ra1 c4 43. Ra6 b5 44. Ra7+ Kg8 45. Rd8 c3 46.
Raa8 c2 47. Rxf8+ Kg7 48. Rfc8 Rb2 49. Ra7+ 1-0

[Event "12. Lovsprings EMT Basis 2 2001"]
[Site "Ringsted"]
[Date "2001.03.30"]
[Round "5"]
[White "Jensen, Dan Bronnum"]
[Black "Elholm, Tommy"]
[Result "0-1"]
[WhiteElo "1339"]
[BlackElo "1606"]
[PlyCount "68"]
[EventDate "2001.??.??"]

1. c4 Nf6 2. Nc3 c6 3. Nf3 d6 4. g3 g6 5. Bg2 Bg7 6. d3 O-O 7. Bg5 Nbd7 8. O-O
Re8 9. Rb1 h6 10. Bd2 e5 11. Qc1 Kh7 12. b4 Nh5 13. b5 f5 14. a4 Nhf6 15. e4
Nc5 16. Ne1 fxe4 17. dxe4 Be6 18. Na2 Nfxe4 19. Be3 Bf5 20. Rb4 a5 21. bxa6
Rxa6 22. f3 Nf6 23. g4 Bd3 24. Rf2 Nfd7 25. Rd2 e4 26. fxe4 Bxe4 27. Bf2 Bxg2
28. Nxg2 Ne4 29. Re2 Nxf2 30. Kxf2 Ne5 31. Qd2 Rf8+ 32. Nf4 Rxf4+ 33. Kg2 Rxg4+
34. Kh1 Rg1+ 0-1

[Event "12. Lovsprings EMT Basis 2 2001"]
[Site "Ringsted"]
[Date "2001.03.30"]
[Round "5"]
[White "Nilsson, Jonas Gosta"]
[Black "Christensen, Michael"]
[Result "1/2-1/2"]
[WhiteElo "1558"]
[BlackElo "1358"]
[PlyCount "102"]
[EventDate "2001.??.??"]

1. b4 d5 2. Bb2 e6 3. e3 Nf6 4. a3 Bd7 5. Nf3 a6 6. c4 c5 7. bxc5 Bxc5 8. d4
Be7 9. Nbd2 Bc6 10. Bd3 Nbd7 11. Rb1 Rb8 12. O-O Qc7 13. Qc2 O-O 14. Rfc1 h6
15. cxd5 exd5 16. Bxa6 Qa5 17. Bd3 Rfc8 18. Qc3 Qd8 19. Qb3 Ne4 20. Bc2 Nb6 21.
Nxe4 Ba4 22. Qd3 dxe4 23. Qxe4 Bxc2 24. Rxc2 Nc4 25. Qd3 Nd6 26. Rbc1 Qb6 27.
Ne5 Qxb2 28. Rxb2 Rxc1+ 29. Qf1 Rxf1+ 30. Kxf1 Rc8 31. Ke2 Bf8 32. a4 Ra8 33.
Rb4 Ra7 34. Nd7 Ne4 35. Nxf8 Kxf8 36. Rc4 g6 37. f3 Nd6 38. Rb4 Ke7 39. Kd3 Ra5
40. e4 Ra7 41. g4 f6 42. f4 b5 43. axb5 Rb7 44. h4 Rxb5 45. Rxb5 Nxb5 46. h5 g5
47. f5 Kd6 48. Kc4 Na3+ 49. Kb3 Nb5 50. Kc4 Na3+ 51. Kb3 Nb5 1/2-1/2

[Event "12. Lovsprings EMT Basis 2 2001"]
[Site "Ringsted"]
[Date "2001.03.30"]
[Round "5"]
[White "Petersen, Torben William"]
[Black "Nielsen, Poul Erik2"]
[Result "1-0"]
[WhiteElo "1389"]
[BlackElo "1399"]
[PlyCount "37"]
[EventDate "2001.??.??"]

1. d4 d5 2. c4 e6 3. Nc3 Nf6 4. Bg5 Be7 5. cxd5 exd5 6. Qc2 Nc6 7. e3 a6 8. a3
O-O 9. h3 Re8 10. Bd3 g6 11. Nf3 Be6 12. h4 Bg4 13. O-O-O Be6 14. Bxf6 Bxf6 15.
h5 Bg4 16. hxg6 fxg6 17. Bxg6 Bxf3 18. Bxe8 Bxd1 19. Qxh7+ 1-0

[Event "12. Lovsprings EMT Basis 2 2001"]
[Site "Ringsted"]
[Date "2001.04.20"]
[Round "6"]
[White "Elholm, Tommy"]
[Black "Eckert, Svend"]
[Result "0-1"]
[WhiteElo "1606"]
[BlackElo "1642"]
[PlyCount "102"]
[EventDate "2001.??.??"]

1. d4 Nf6 2. c4 e5 3. dxe5 Ne4 4. Nf3 d6 5. g3 Nc6 6. exd6 Bxd6 7. Bg2 Bb4+ 8.
Nbd2 Bg4 9. O-O Nd6 10. Qc2 O-O 11. c5 Nf5 12. e3 Qe7 13. Nb3 a5 14. a4 Rad8
15. h3 Bxf3 16. Bxf3 g6 17. Bxc6 bxc6 18. e4 Nd4 19. Nxd4 Rxd4 20. Be3 Rxe4 21.
Rad1 Re5 22. h4 Re8 23. Rc1 Qe6 24. Kh2 Rd8 25. Rfd1 Rxd1 26. Qxd1 Rd5 27. Qf3
Qe5 28. Rc2 Bxc5 29. Bxc5 Rxc5 30. Re2 Qd6 31. Re8+ Kg7 32. Qe3 Rc4 33. Qe5+
Qxe5 34. Rxe5 Rxa4 35. Rc5 Ra2 36. Rxc6 Rxb2 37. Kg2 a4 38. Rxc7 a3 39. Ra7 a2
40. Ra6 Kf8 41. Kf3 h5 42. Ke3 Ke7 43. f3 Kd7 44. g4 hxg4 45. fxg4 Kc7 46. h5
gxh5 47. gxh5 Kb7 48. Ra4 Rh2 49. h6 Rh3+ 50. Kf2 Rxh6 51. Rb4+ Rb6 0-1

[Event "12. Lovsprings EMT Basis 2 2001"]
[Site "Ringsted"]
[Date "2001.04.20"]
[Round "6"]
[White "Nilsson, Jonas Gosta"]
[Black "Jensen, Dan Bronnum"]
[Result "1-0"]
[WhiteElo "1558"]
[BlackElo "1339"]
[PlyCount "123"]
[EventDate "2001.??.??"]

1. e4 c5 2. Nf3 Nc6 3. Bc4 d6 4. c3 Nf6 5. Qe2 a6 6. d4 b5 7. Bd3 Bg4 8. d5 Ne5
9. Bc2 g6 10. Bf4 Nxf3+ 11. gxf3 Bd7 12. Nd2 Qa5 13. Nb3 Qb6 14. Be3 a5 15. a3
Qb7 16. O-O Bg7 17. Rfd1 O-O 18. Qd2 a4 19. Nc1 Rfb8 20. Nd3 Nh5 21. Bh6 Bh8
22. Re1 e6 23. dxe6 Bxe6 24. Nf4 Nxf4 25. Bxf4 Be5 26. Bxe5 dxe5 27. Qd6 Rd8
28. Qxc5 Rd2 29. Rac1 f6 30. Red1 Rad8 31. Qe3 Qd7 32. h4 Rxd1+ 33. Rxd1 Qe7
34. Rxd8+ Qxd8 35. f4 exf4 36. Qxf4 Kg7 37. Qe3 Bc4 38. f4 Qd7 39. f5 Qf7 40.
e5 Qe7 41. exf6+ Qxf6 42. Qf4 Qf7 43. Qe5+ Qf6 44. Qxf6+ Kxf6 45. fxg6 hxg6 46.
Kf2 Bf7 47. Ke3 Ke5 48. Bd3 Be8 49. c4 bxc4 50. Bxc4 Kf5 51. Be2 Ke5 52. Bd3
Kf6 53. Kf4 Bd7 54. Bc2 Be8 55. Bd1 Bd7 56. h5 gxh5 57. Bxh5 Bc6 58. Ke3 Ke5
59. Kd3 Bb5+ 60. Kc3 Kd5 61. Kb4 Bd7 62. Bd1 1-0

[Event "12. Lovsprings EMT Basis 2 2001"]
[Site "Ringsted"]
[Date "2001.04.20"]
[Round "6"]
[White "Nielsen, Poul Erik2"]
[Black "Pedersen, Kaj Vinding"]
[Result "1-0"]
[WhiteElo "1399"]
[BlackElo "1513"]
[PlyCount "95"]
[EventDate "2001.??.??"]

1. Nf3 Nf6 2. c4 g6 3. Nc3 d6 4. d4 Bg7 5. h3 O-O 6. Bf4 Re8 7. Qd2 Nbd7 8. Rd1
b6 9. e4 Bb7 10. d5 Nc5 11. Qc2 a5 12. Be2 e6 13. O-O Ba6 14. Be3 Nfd7 15. dxe6
Nxe6 16. Nd4 Nxd4 17. Bxd4 Ne5 18. b3 Bb7 19. f4 Nd7 20. Bxg7 Kxg7 21. Bf3 Qe7
22. Nd5 Bxd5 23. exd5 Qe3+ 24. Kh1 Qxf4 25. Bg4 Qe4 26. Qxe4 Rxe4 27. Bxd7 Re2
28. a4 Re3 29. Rb1 Rd8 30. Bc6 Rf8 31. Rfe1 Re5 32. Rxe5 dxe5 33. Re1 f6 34.
Bd7 Kf7 35. Be6+ Ke7 36. g4 Kd6 37. Kg2 c6 38. Kg3 Re8 39. Rd1 c5 40. h4 Rf8
41. Rf1 h6 42. h5 g5 43. Kf3 Rh8 44. Ke4 Ke7 45. Kf5 Ke8 46. Kg6 Ke7 47. Rxf6
Rh7 48. Bf5 1-0

[Event "12. Lovsprings EMT Basis 2 2001"]
[Site "Ringsted"]
[Date "2001.04.20"]
[Round "6"]
[White "Wagner, Tim"]
[Black "Jorgensen, Morten"]
[Result "1-0"]
[WhiteElo "1517"]
[BlackElo "1357"]
[PlyCount "87"]
[EventDate "2001.??.??"]

1. e4 c5 2. Nc3 Nc6 3. Nf3 d6 4. d4 cxd4 5. Nxd4 Nf6 6. Nxc6 bxc6 7. e5 Ng4 8.
exd6 exd6 9. Qf3 d5 10. h3 Nf6 11. Bd3 Be7 12. Ne2 O-O 13. O-O Re8 14. Nd4 Bd7
15. Be3 c5 16. Nf5 c4 17. Nxe7+ Qxe7 18. Bf5 Bxf5 19. Qxf5 Qe5 20. Qxe5 Rxe5
21. Bd4 Re6 22. Rad1 Nd7 23. b3 Ne5 24. Rfe1 Rae8 25. Re3 Nc6 26. Bc5 Rxe3 27.
fxe3 Rd8 28. bxc4 dxc4 29. Rxd8+ Nxd8 30. Bxa7 Nc6 31. Bc5 f6 32. a4 Kf7 33.
Kf2 Ke6 34. e4 Ke5 35. Ke3 f5 36. exf5 Kxf5 37. c3 h5 38. g3 g5 39. Bb6 Ke5 40.
a5 Kd5 41. a6 Ke5 42. a7 Nxa7 43. Bxa7 g4 44. h4 1-0

[Event "12. Lovsprings EMT Basis 2 2001"]
[Site "Ringsted"]
[Date "2001.04.20"]
[Round "6"]
[White "Christensen, Michael"]
[Black "Jensen, Soren3"]
[Result "0-1"]
[WhiteElo "1358"]
[BlackElo "1501"]
[PlyCount "82"]
[EventDate "2001.??.??"]

1. e4 e5 2. Nf3 Bc5 3. d3 Nc6 4. Be2 d6 5. O-O Nf6 6. c3 Bg4 7. a4 a5 8. Be3
Qe7 9. Bxc5 dxc5 10. Qb3 b6 11. Qb5 Bd7 12. Qb3 O-O 13. Nbd2 Be6 14. Qc2 Rad8
15. Rad1 Bg4 16. Rfe1 Nh5 17. Bf1 Rd6 18. Re3 Rg6 19. g3 Nf4 20. Bg2 Nh3+ 21.
Bxh3 Bxh3 22. Nb3 Qf6 23. d4 Bg4 24. Kg2 c4 25. Nc1 Rh6 26. d5 Ne7 27. b3 cxb3
28. Nxb3 Bxf3+ 29. Rxf3 Rxh2+ 30. Kxh2 Qxf3 31. Rd3 Qh5+ 32. Kg2 Qg6 33. Nd2 f5
34. Rf3 f4 35. Qb3 Kh8 36. Qc4 c6 37. dxc6 Nxc6 38. Qd5 Rd8 39. Qa2 h5 40. Qb2
h4 41. Nc4 Qxe4 0-1

[Event "12. Lovsprings EMT Basis 2 2001"]
[Site "Ringsted"]
[Date "2001.04.20"]
[Round "6"]
[White "Petersen, Torben William"]
[Black "Jorgensen, Michael2"]
[Result "0-1"]
[WhiteElo "1389"]
[BlackElo "1321"]
[PlyCount "54"]
[EventDate "2001.??.??"]

1. d4 Nf6 2. c4 c5 3. d5 e6 4. dxe6 fxe6 5. Nc3 Nc6 6. Bf4 a6 7. Nf3 Be7 8. e4
O-O 9. Bd3 Nxe4 10. Bxe4 Rxf4 11. Qc2 h6 12. Ne2 Nb4 13. Bh7+ Kh8 14. Qb1 Rf6
15. Ne5 d5 16. Ng6+ Kxh7 17. Nxe7+ Kh8 18. Ng6+ Kg8 19. O-O b5 20. cxd5 exd5
21. a3 Bf5 22. Qd1 Nc2 23. Nef4 Bxg6 24. Nxg6 Nxa1 25. Qxd5+ Qxd5 26. Ne7+ Kf8
27. Nxd5 Rd6 0-1

[Event "12. Lovsprings EMT Basis 2 2001"]
[Site "Ringsted"]
[Date "2001.04.27"]
[Round "7"]
[White "Eckert, Svend"]
[Black "Nilsson, Jonas Gosta"]
[Result "1/2-1/2"]
[WhiteElo "1642"]
[BlackElo "1558"]
[PlyCount "20"]
[EventDate "2001.??.??"]

1. c4 Nf6 2. Nf3 e6 3. d4 b6 4. g3 Bb7 5. Bg2 Bb4+ 6. Bd2 Bxd2+ 7. Nbxd2 O-O 8.
O-O d6 9. Re1 Nbd7 10. e4 d5 1/2-1/2

[Event "12. Lovsprings EMT Basis 2 2001"]
[Site "Ringsted"]
[Date "2001.04.27"]
[Round "7"]
[White "Jensen, Dan Bronnum"]
[Black "Petersen, Torben William"]
[Result "1-0"]
[WhiteElo "1339"]
[BlackElo "1389"]
[PlyCount "73"]
[EventDate "2001.??.??"]

1. c4 Nf6 2. Nc3 e6 3. e4 d5 4. e5 Nfd7 5. Nf3 c6 6. d4 Bb4 7. c5 O-O 8. Qc2 f6
9. a3 Bxc3+ 10. Qxc3 fxe5 11. dxe5 a5 12. Bd3 Qe7 13. Be3 Na6 14. Rc1 Kf7 15.
Ng5+ Ke8 16. Nxh7 Rh8 17. Ng5 Naxc5 18. Bg6+ Kf8 19. Bxc5 Nxc5 20. Qxc5 Bd7 21.
Qxe7+ Kxe7 22. O-O Rh6 23. Bd3 Rah8 24. h3 Rh5 25. Nf3 g5 26. Nh2 Rh4 27. Ng4
Be8 28. b4 axb4 29. axb4 b6 30. Ra1 c5 31. bxc5 bxc5 32. Ra7+ Kd8 33. Rb1 Bd7
34. Bb5 Bxb5 35. Rxb5 Kc8 36. Rxc5+ Kb8 37. Re7 1-0

[Event "12. Lovsprings EMT Basis 2 2001"]
[Site "Ringsted"]
[Date "2001.04.27"]
[Round "7"]
[White "Nielsen, Poul Erik2"]
[Black "Jensen, Soren3"]
[Result "1/2-1/2"]
[WhiteElo "1399"]
[BlackElo "1501"]
[PlyCount "102"]
[EventDate "2001.??.??"]

1. Nf3 f5 2. d4 Nf6 3. c4 b6 4. Nc3 Bb7 5. e3 e6 6. a3 c5 7. d5 Qc7 8. Nb5 Qc8
9. d6 Na6 10. Ne5 Bc6 11. Nc3 Qb7 12. f3 g6 13. Be2 Bg7 14. Nxc6 dxc6 15. f4
Qd7 16. Bf3 Rd8 17. Qa4 Nb8 18. O-O O-O 19. Rd1 Ne8 20. Qb3 Nxd6 21. a4 Qc7 22.
Bd2 Nf7 23. Ne2 e5 24. fxe5 Nxe5 25. a5 Rd3 26. axb6 axb6 27. Qa4 Qf7 28. Nf4
Rd6 29. Bc3 Nxf3+ 30. gxf3 Rxd1+ 31. Rxd1 Bxc3 32. bxc3 Qf6 33. Qb3 Rd8 34.
Rxd8+ Qxd8 35. Qc2 Qe7 36. Qd3 Nd7 37. Qe2 Nf6 38. Nd3 b5 39. cxb5 cxb5 40. Nb2
c4 41. Nxc4 bxc4 42. Qxc4+ Kg7 43. Qd4 Qd7 44. Kf2 f4 45. e4 Qh3 46. e5 Qxh2+
47. Kf1 Nh5 48. e6+ Kh6 49. Ke1 Ng3 50. Qxf4+ Kh5 51. Qg4+ Kh6 1/2-1/2

[Event "12. Lovsprings EMT Basis 2 2001"]
[Site "Ringsted"]
[Date "2001.04.27"]
[Round "7"]
[White "Pedersen, Kaj Vinding"]
[Black "Wagner, Tim"]
[Result "1-0"]
[WhiteElo "1513"]
[BlackElo "1517"]
[PlyCount "77"]
[EventDate "2001.??.??"]

1. Nc3 e5 2. Nf3 Nc6 3. e4 a6 4. d4 exd4 5. Nxd4 Bb4 6. Nde2 Qh4 7. Bd2 Nge7 8.
g3 Qf6 9. Bg2 d6 10. Be3 Bg4 11. Qd2 Bxe2 12. Kxe2 Bxc3 13. bxc3 Ne5 14. Bd4 c5
15. Be3 Nc4 16. Qd3 Nxe3 17. Qxe3 Rb8 18. Rhd1 Nc6 19. Rab1 O-O 20. f4 Na5 21.
Qd3 Rbd8 22. Rb6 Qe6 23. Rxd6 Rxd6 24. Qxd6 Qxa2 25. Qxc5 Qxc2+ 26. Rd2 Nb3 27.
Qxf8+ Kxf8 28. Rxc2 a5 29. Rb2 a4 30. c4 Nc1+ 31. Kd2 a3 32. Rxb7 a2 33. Ra7
Nb3+ 34. Kc2 a1=Q 35. Rxa1 Nxa1+ 36. Kb2 Ke7 37. Kxa1 Kd6 38. Kb2 Kc5 39. Kc3
1-0

[Event "12. Lovsprings EMT Basis 2 2001"]
[Site "Ringsted"]
[Date "2001.04.27"]
[Round "7"]
[White "Elholm, Tommy"]
[Black "Christensen, Michael"]
[Result "1-0"]
[WhiteElo "1606"]
[BlackElo "1358"]
[PlyCount "75"]
[EventDate "2001.??.??"]

1. d4 d5 2. c4 Nf6 3. Nf3 e6 4. Bg5 Be7 5. Nc3 Nbd7 6. e3 O-O 7. Bd3 dxc4 8.
Bxc4 c6 9. O-O Nb6 10. Bd3 Nbd5 11. Ne2 b5 12. Rc1 Bb7 13. e4 Nc7 14. Bf4 Rc8
15. Ng3 a5 16. Qc2 Na6 17. Qe2 a4 18. e5 Nd5 19. Qe4 g6 20. Bh6 Re8 21. Qg4 Bf8
22. Bxf8 Rxf8 23. Ng5 h6 24. Nxe6 Qe7 25. Nxf8 Rxf8 26. Nf5 Qg5 27. Qxg5 hxg5
28. Nd6 Ba8 29. Be4 Nac7 30. Bxd5 Nxd5 31. Ne4 Nf4 32. Rc2 g4 33. Nf6+ Kg7 34.
Nxg4 c5 35. f3 cxd4 36. g3 d3 37. Rd2 Re8 38. gxf4 1-0